| 000 | 01611cam a22003973a 4500 | ||
|---|---|---|---|
| 001 | 13717213 | ||
| 003 | OSt | ||
| 005 | 20140310182249.0 | ||
| 008 | 020513s2002 nyu j 000 f eng | ||
| 010 | _a 2001096787 | ||
| 020 | _a0743439791 (pbk.) | ||
| 035 | _a(OCoLC)ocm49777559 | ||
| 040 |
_aHQB _cHQB _dIXA _dOCLCQ _dMOU _dOCLCQ _dDLC |
||
| 042 | _alccopycat | ||
| 043 | _an-us-il | ||
| 050 | 0 | 0 |
_aPZ 7 _b.D285 2002 |
| 082 |
_aFIC _bD34n 2002 |
||
| 100 | 1 |
_aDeaver, Julie Reece. _919805 |
|
| 245 | 1 | 4 |
_aThe night I disappeared / _cJulie Reece Deaver. |
| 250 | _a1st Simon Pulse ed. | ||
| 260 |
_aNew York : _bSimon Pulse, _cc2002. |
||
| 300 |
_a242 p. : _c18 cm. |
||
| 520 | _aWhen Jamie and her mother travel to Chicago so her mother can defend a client, Jamie's world takes a strange turn. Mind slips and vivid daydreams begin to paralyze her as she feels she is slowly losing her mind. | ||
| 650 | 0 |
_aMothers and daughters _vJuvenile fiction. _919806 |
|
| 651 | 0 |
_aChicago (Ill.) _vJuvenile fiction. _919807 |
|
| 651 | 0 |
_aChicago (Ill.) _vFiction. _919808 |
|
| 655 | 7 |
_aSuspense fiction. _2gsafd _96032 |
|
| 655 | 7 |
_aYoung adult fiction. _2lcsh _93735 |
|
| 710 | 2 |
_aCopyright Paperback Collection (Library of Congress) _5DLC _9705 |
|
| 856 | 4 | 2 |
_3Contributor biographical information _uhttp://www.loc.gov/catdir/bios/simon052/2001096787.html |
| 856 | 4 | 2 |
_3Publisher description _uhttp://www.loc.gov/catdir/description/simon052/2001096787.html |
| 906 |
_a7 _bcbc _ccopycat _d2 _encip _f20 _gy-genrareb |
||
| 942 |
_2lcc _cBK-FIC _kFIC |
||
| 999 |
_c11324 _d11324 |
||